El jardín de babaï /

Guardado en:
Autor Principal: Sadat, Mandana
Otros Autores: Sadat, T; trad., Rubio, Esther; trad.
Formato: Libro
Publicado: Buenos Aires : Kókinos, 2013
Materias:
Etiquetas: Agregar Etiqueta
Sin Etiquetas, Sea el primero en etiquetar este registro!
LEADER 00890nam a22002775a 4500
001 CEM.cems015545
005 20191212153945.0
008 130507s2013##################000#0#####d
003 CEMS
020 |a 9789872901059 
082 0 4 |a 843.9 
100 1 |a Sadat, Mandana 
245 1 0 |a El jardín de babaï /  |c Mandana Sabat ; traducido Por T. Sadat y Esther Rubio 
260 |a Buenos Aires :  |b Kókinos,  |c 2013 
300 |a 32 p. 
500 |a Edición bilingüe Español-persatítulo Original: Le jardin du Babaï 
653 |a Literatura 
653 |a Literatura francesa 
653 |a Literatura persa 
653 |a Cuentos infantiles 
653 |a Literatura infantil 
653 |a Coleccinón ciencias de la educación 
653 |a Libro Álbum 
700 1 |a Sadat, T; trad. 
700 1 |a Rubio, Esther; trad. 
859 |a CEMS  |b BIB. CEMS - Ccias. Educacion  |h 843.9  |i Sa151  |k CE  |p 28972.19  |t Ej.1